[Event "71st RUS-ch Higher League 2018"]
[Site "Yaroslavl"]
[Date "2018.07.05"]
[Round "9"]
[White "Sjugirov, Sanan"]
[Black "Ponkratov, Pavel"]
[Result "1-0"]
[WhiteElo "2663"]
[BlackElo "2622"]
[Annotator "ChessBase"]
[PlyCount "81"]
[EventDate "2018.06.26"]
[EventType "swiss"]
[EventCountry "RUS"]
[SourceTitle "playchess.com"]
[Source "ChessBase"]
[SourceQuality "1"]
[TimeControl "40/5400+30:1800+30"]

1. e4 {[%emt 0:00:00]} e5 {[%emt 0:00:00]} 2. Nf3 {[%emt 0:00:01]} Nc6 {[%emt 0:00:00]} 3. Bb5 {[%emt 0:00:21]} Nf6 {[%emt 0:00:00]} 4. d3 {[%emt 0:00:26]} d6 {[%emt 0:00:32]} 5. O-O {[%emt 0:01:32]} Bd7 {[%emt 0:00:40]} 6. Re1 {[%emt 0:06:02]} g6 {[%emt 0:01:30]} 7. d4 {[%emt 0:00:33]} Bg7 {[%emt 0:00:06]} 8. d5 {[%emt 0:00:14]} Ne7 {[%emt 0:00:05]} 9. Bxd7+ {[%emt 0:00:12]} Nxd7 {[%emt 0:00:13]} 10. Be3 {[%emt 0:00:14]} h6 {[%emt 0:09:05]} 11. Nfd2 {[%emt 0:01:09]} f5 {[%emt 0:00:42]} 12. f3 {[%emt 0:00:07]} h5 {[%emt 0:00:58]} 13. c4 {[%emt 0:02:23]} b6 {[%emt 0:18:28]} 14. Nc3 {[%emt 0:01:04]} f4 {[%emt 0:00:05]} 15. Bf2 {[%emt 0:00:06]} g5 {[%emt 0:00:02]} 16. b4 {[%emt 0:01:05]} Nf6 {[%emt 0:00:17]} 17. c5 {[%emt 0:04:49]} Ng6 {[%emt 0:01:09]} 18. Rc1 {[%emt 0:15:41]} O-O {[%emt 0:16:37]} 19. cxd6 {[%emt 0:02:42]} cxd6 {[%emt 0:00:04]} 20. Nb5 {[%emt 0:00:23]} Rf7 {[%emt 0:00:09]} 21. Rc6 {[%emt 0:02:43]} Ne8 {[%emt 0:02:01]} 22. a4 {[%emt 0:04:27]} Qd7 {[%emt 0:04:13]} 23. Qc2 {[%emt 0:09:11]} g4 {[%emt 0:00:31]} 24. Kh1 {[%emt 0:04:15]} Bf6 {[%emt 0:12:26]} 25. Rc1 {[%emt 0:01:16]} Ne7 {[%emt 0:00:40]} 26. Rc3 {[%emt 0:01:34]} Rg7 {[%emt 0:00:18]} 27. Bg1 {[%emt 0:12:12]} Rd8 {[%emt 0:12:25]} 28. Qd3 {[%emt 0:03:14]} Ng6 {[%emt 0:02:02]} 29. Qf1 {[%emt 0:15:00]} Rb8 {[%emt 0:02:00]} 30. Rc6 {[%emt 0:00:37]} Ne7 {[%emt 0:07:37]} 31. R6c2 {[%emt 0:00:24]} Bg5 {[%emt 0:00:22]} 32. Nc7 {[%emt 0:01:14]} Nxc7 {[%emt 0:00:22]} 33. Rxc7 {[%emt 0:00:05]} Qxa4 {[%emt 0:00:27]} 34. b5 {[%emt 0:00:20]} Kh7 {[%emt 0:02:25]} 35. R7c2 {[%emt 0:05:38]} Rbg8 {[%emt 0:05:48]} 36. fxg4 {[%emt 0:01:09]} f3 {[%emt 0:00:18]} 37. Qxf3 {[%emt 0:00:21]} hxg4 {[%emt 0:00:42]} 38. Qd3 {[%emt 0:01:57]} Bxd2 {[%emt 0:01:43]} 39. Rxd2 {[%emt 0:00:07]} Rf8 {[%emt 0:00:17]} 40. Rdd1 {[%emt 0:00:00]} Ng8 {[%emt 0:00:00]} 41. Ra1 {[%emt 0:06:38]} 1-0

[Event "71st RUS-ch Higher League 2018"]
[Site "Yaroslavl"]
[Date "2018.07.05"]
[Round "9"]
[White "Dreev, Aleksey"]
[Black "Esipenko, Andrey"]
[Result "0-1"]
[WhiteElo "2657"]
[BlackElo "2599"]
[Annotator "ChessBase"]
[PlyCount "110"]
[EventDate "2018.06.26"]
[EventType "swiss"]
[EventCountry "RUS"]
[SourceTitle "playchess.com"]
[Source "ChessBase"]
[SourceQuality "1"]
[TimeControl "40/5400+30:1800+30"]

1. d4 {[%emt 0:00:30]} Nf6 {[%emt 0:00:00]} 2. c4 {[%emt 0:00:06]} e6 {[%emt 0:00:09]} 3. Nc3 {[%emt 0:00:07]} Bb4 {[%emt 0:00:13]} 4. Qc2 {[%emt 0:00:06]} d5 {[%emt 0:04:31]} 5. cxd5 {[%emt 0:00:58]} Qxd5 {[%emt 0:00:42]} 6. e3 {[%emt 0:00:46]} c5 {[%emt 0:06:52]} 7. Bd2 {[%emt 0:00:19]} Bxc3 {[%emt 0:01:43]} 8. Bxc3 {[%emt 0:00:06]} Nc6 {[%emt 0:11:00]} 9. dxc5 {[%emt 0:08:03]} Qxc5 {[%emt 0:00:43]} 10. Rc1 {[%emt 0:00:59]} O-O {[%emt 0:10:53]} 11. Nf3 {[%emt 0:02:45]} Qe7 {[%emt 0:06:44]} 12. a3 {[%emt 0:06:39]} Nd5 {[%emt 0:07:30]} 13. Bd2 {[%emt 0:02:41]} e5 {[%emt 0:06:46]} 14. Bd3 {[%emt 0:04:21]} h6 {[%emt 0:01:04]} 15. Qc5 {[%emt 0:11:23]} Rd8 {[%emt 0:00:53]} 16. Bb5 {[%emt 0:05:23]} Qf6 {[%emt 0:05:49]} 17. Bxc6 {[%emt 0:02:25]} bxc6 {[%emt 0:00:12]} 18. e4 {[%emt 0:01:18]} Bh3 {[%emt 0:01:20]} 19. O-O {[%emt 0:14:41]} Bxg2 {[%emt 0:04:46]} 20. Kxg2 {[%emt 0:01:08]} Qg6+ {[%emt 0:00:06]} 21. Ng5 {[%emt 0:01:54]} Nf6 {[%emt 0:04:10]} 22. Be3 {[%emt 0:03:25]} hxg5 {[%emt 0:04:51]} 23. Qxc6 {[%emt 0:03:59]} Qh5 {[%emt 0:01:30]} 24. h3 {[%emt 0:00:54]} Qh4 {[%emt 0:00:47]} 25. Rc5 {[%emt 0:01:19]} g4 {[%emt 0:04:02]} 26. Rh1 {[%emt 0:00:27]} gxh3+ {[%emt 0:00:14]} 27. Rxh3 {[%emt 0:00:06]} Qg4+ {[%emt 0:00:04]} 28. Rg3 {[%emt 0:00:43]} Qxe4+ {[%emt 0:00:12]} 29. Qxe4 {[%emt 0:02:35]} Nxe4 {[%emt 0:00:04]} 30. Rxe5 {[%emt 0:00:09]} Nxg3 {[%emt 0:00:04]} 31. Kxg3 {[%emt 0:00:05]} Rd3 {[%emt 0:01:06]} 32. Rb5 {[%emt 0:00:34]} a6 {[%emt 0:03:47]} 33. Rb7 {[%emt 0:00:21]} Rad8 {[%emt 0:02:26]} 34. Kf4 {[%emt 0:01:58]} R3d7 {[%emt 0:03:19]} 35. Rb6 {[%emt 0:01:10]} Rd6 {[%emt 0:00:08]} 36. Rb7 {[%emt 0:00:23]} Rf6+ {[%emt 0:02:46]} 37. Ke4 {[%emt 0:00:19]} Re6+ {[%emt 0:00:10]} 38. Kf4 {[%emt 0:01:05]} Rd5 {[%emt 0:02:49]} 39. b4 {[%emt 0:00:19]} f6 {[%emt 0:03:41]} 40. a4 {[%emt 0:00:00]} Kh7 {[%emt 0:00:00]} 41. Kf3 {[%emt 0:03:10]} a5 {[%emt 0:09:21]} 42. b5 {[%emt 0:04:13]} Rf5+ {[%emt 0:04:34]} 43. Bf4 {[%emt 0:00:44]} Re1 {[%emt 0:04:09]} 44. Ra7 {[%emt 0:06:51]} Rb1 {[%emt 0:03:59]} 45. Ke4 {[%emt 0:00:30]} Rc5 {[%emt 0:03:22]} 46. Kd4 {[%emt 0:05:50]} Rc2 {[%emt 0:02:03]} 47. Rxa5 {[%emt 0:00:31]} Rxf2 {[%emt 0:00:45]} 48. Bc7 {[%emt 0:01:22]} Rf5 {[%emt 0:01:04]} 49. Ra8 {[%emt 0:07:52]} Rb4+ {[%emt 0:00:52]} 50. Kc3 {[%emt 0:01:06]} Rg4 {[%emt 0:00:40]} 51. Kd3 {[%emt 0:02:35]} Rf3+ {[%emt 0:00:22]} 52. Ke2 {[%emt 0:00:02]} Rb3 {[%emt 0:01:31]} 53. b6 {[%emt 0:00:57]} Rg2+ {[%emt 0:00:28]} 54. Kf1 {[%emt 0:00:05]} Ra2 {[%emt 0:00:17]} 55. Re8 {[%emt 0:00:19]} Rxa4 {[%emt 0:00:09]} 0-1

[Event "71st RUS-ch Higher League 2018"]
[Site "Yaroslavl"]
[Date "2018.07.05"]
[Round "9"]
[White "Paravyan, David"]
[Black "Triapishko, Alexandr"]
[Result "1-0"]
[WhiteElo "2634"]
[BlackElo "2513"]
[Annotator "ChessBase"]
[PlyCount "93"]
[EventDate "2018.06.26"]
[EventType "swiss"]
[EventCountry "RUS"]
[SourceTitle "playchess.com"]
[Source "ChessBase"]
[SourceQuality "1"]
[TimeControl "40/5400+30:1800+30"]

1. c4 {[%emt 0:08:27]} e5 {[%emt 0:03:03]} 2. Nc3 {[%emt 0:00:15]} Nf6 {[%emt 0:01:05]} 3. Nf3 {[%emt 0:00:56]} Nc6 {[%emt 0:00:12]} 4. e3 {[%emt 0:00:05]} Bb4 {[%emt 0:02:04]} 5. Qc2 {[%emt 0:00:07]} Bxc3 {[%emt 0:01:01]} 6. Qxc3 {[%emt 0:00:05]} Qe7 {[%emt 0:00:15]} 7. b3 {[%emt 0:00:04]} d5 {[%emt 0:20:04]} 8. d4 {[%emt 0:01:17]} Ne4 {[%emt 0:15:40]} 9. Qb2 {[%emt 0:00:06]} Qb4+ {[%emt 0:13:02]} 10. Nd2 {[%emt 0:00:51]} dxc4 {[%emt 0:03:24]} 11. Bxc4 {[%emt 0:11:28]} exd4 {[%emt 0:03:10]} 12. O-O {[%emt 0:00:10]} Nf6 {[%emt 0:01:15]} 13. exd4 {[%emt 0:00:21]} O-O {[%emt 0:04:22]} 14. Nf3 {[%emt 0:04:26]} Be6 {[%emt 0:06:52]} 15. Bd2 {[%emt 0:00:08]} Qd6 {[%emt 0:00:39]} 16. Bg5 {[%emt 0:01:36]} Nd5 {[%emt 0:01:33]} 17. Bh4 {[%emt 0:01:20]} f6 {[%emt 0:01:07]} 18. Bg3 {[%emt 0:00:18]} Qd7 {[%emt 0:00:47]} 19. Nd2 {[%emt 0:00:57]} Bf7 {[%emt 0:04:02]} 20. Ne4 {[%emt 0:01:49]} b6 {[%emt 0:01:29]} 21. Rac1 {[%emt 0:01:25]} Nce7 {[%emt 0:02:30]} 22. Rfe1 {[%emt 0:15:02]} h6 {[%emt 0:01:23]} 23. h3 {[%emt 0:05:57]} a5 {[%emt 0:04:11]} 24. Re2 {[%emt 0:02:30]} Rac8 {[%emt 0:01:26]} 25. Rce1 {[%emt 0:00:28]} Nf5 {[%emt 0:00:38]} 26. Bh2 {[%emt 0:00:55]} Rfe8 {[%emt 0:02:35]} 27. Qd2 {[%emt 0:04:32]} Nb4 {[%emt 0:01:40]} 28. d5 {[%emt 0:02:03]} Red8 {[%emt 0:03:04]} 29. Nc3 {[%emt 0:01:39]} c6 {[%emt 0:01:16]} 30. d6 {[%emt 0:01:14]} Bxc4 {[%emt 0:00:04]} 31. bxc4 {[%emt 0:00:02]} Qf7 {[%emt 0:00:29]} 32. a3 {[%emt 0:03:38]} Na6 {[%emt 0:00:20]} 33. Qd3 {[%emt 0:00:27]} g6 {[%emt 0:01:11]} 34. Na4 {[%emt 0:00:22]} b5 {[%emt 0:00:19]} 35. cxb5 {[%emt 0:00:24]} cxb5 {[%emt 0:00:11]} 36. Qxb5 {[%emt 0:07:00]} Nb8 37. Re4 Nc6 {[%emt 0:01:23]} 38. Nb6 {[%emt 0:02:16]} Ncd4 {[%emt 0:00:39]} 39. Qxa5 {[%emt 0:00:00]} Rc2 40. Nd5 Nc6 {[%emt 0:00:00]} 41. Ne7+ {[%emt 0:13:18]} Nfxe7 {[%emt 0:03:54]} 42. Qxd8+ {[%emt 0:01:06]} Nxd8 43. dxe7 {[%emt 0:00:10]} Ne6 {[%emt 0:09:05]} 44. Rxe6 {[%emt 0:00:33]} Qe8 {[%emt 0:01:59]} 45. Rxf6 {[%emt 0:00:15]} Qxe7 {[%emt 0:02:42]} 46. Rxg6+ {[%emt 0:00:42]} Kh8 {[%emt 0:00:09]} 47. Be5+ {[%emt 0:00:18]} 1-0

[Event "71st RUS-ch Higher League 2018"]
[Site "Yaroslavl"]
[Date "2018.07.05"]
[Round "9"]
[White "Lysyj, Igor"]
[Black "Fakhrutdinov, Timur"]
[Result "1-0"]
[WhiteElo "2630"]
[BlackElo "2460"]
[Annotator "ChessBase"]
[PlyCount "101"]
[EventDate "2018.06.26"]
[EventType "swiss"]
[EventCountry "RUS"]
[SourceTitle "playchess.com"]
[Source "ChessBase"]
[SourceQuality "1"]
[TimeControl "40/5400+30:1800+30"]

1. Nf3 {[%emt 0:00:00]} Nf6 {[%emt 0:00:00]} 2. c4 {[%emt 0:00:00]} e6 {[%emt 0:00:00]} 3. Nc3 {[%emt 0:00:00]} d5 {[%emt 0:00:10]} 4. e3 {[%emt 0:00:00]} dxc4 {[%emt 0:09:21]} 5. Bxc4 {[%emt 0:00:11]} a6 {[%emt 0:01:20]} 6. O-O {[%emt 0:05:33]} b5 {[%emt 0:02:35]} 7. Be2 {[%emt 0:00:07]} Bb7 {[%emt 0:02:15]} 8. b3 {[%emt 0:00:59]} Nbd7 {[%emt 0:04:23]} 9. Bb2 {[%emt 0:00:06]} c5 {[%emt 0:06:37]} 10. Rc1 {[%emt 0:00:12]} Be7 {[%emt 0:05:00]} 11. a4 {[%emt 0:00:05]} b4 {[%emt 0:01:37]} 12. Nb1 {[%emt 0:00:04]} O-O {[%emt 0:00:46]} 13. d3 {[%emt 0:00:54]} a5 {[%emt 0:05:14]} 14. e4 {[%emt 0:12:47]} Nb6 {[%emt 0:04:29]} 15. Nbd2 {[%emt 0:00:49]} Rc8 {[%emt 0:02:57]} 16. Ne5 {[%emt 0:08:02]} Nfd7 {[%emt 0:12:43]} 17. Nxd7 Nxd7 18. Nc4 {[%emt 0:03:29]} Nb8 {[%emt 0:04:36]} 19. e5 {[%emt 0:00:08]} Bd5 {[%emt 0:09:12]} 20. Bf3 {[%emt 0:09:06]} Nc6 {[%emt 0:03:08]} 21. Bxd5 {[%emt 0:08:07]} exd5 {[%emt 0:00:13]} 22. Ne3 {[%emt 0:00:03]} d4 {[%emt 0:07:30]} 23. Nc4 {[%emt 0:00:22]} f6 {[%emt 0:01:36]} 24. exf6 {[%emt 0:03:53]} Bxf6 {[%emt 0:02:38]} 25. Qg4 {[%emt 0:11:06]} Re8 {[%emt 0:05:21]} 26. f4 {[%emt 0:01:09]} Qe7 {[%emt 0:02:47]} 27. Rc2 {[%emt 0:01:05]} Rcd8 {[%emt 0:00:45]} 28. Qf3 {[%emt 0:11:11]} Qc7 {[%emt 0:00:43]} 29. Re2 {[%emt 0:03:09]} Rxe2 {[%emt 0:02:08]} 30. Qxe2 {[%emt 0:00:05]} Qe7 {[%emt 0:02:38]} 31. Qf3 {[%emt 0:01:38]} Qe6 {[%emt 0:00:21]} 32. Bc1 {[%emt 0:03:22]} Qd5 {[%emt 0:00:56]} 33. Qe2 {[%emt 0:03:40]} Rf8 {[%emt 0:00:48]} 34. Re1 {[%emt 0:01:16]} Bd8 {[%emt 0:00:40]} 35. Qe6+ {[%emt 0:02:11]} Qxe6 {[%emt 0:00:07]} 36. Rxe6 {[%emt 0:00:01]} Rf6 {[%emt 0:00:42]} 37. Rxf6 {[%emt 0:05:08]} gxf6 {[%emt 0:00:39]} 38. g4 {[%emt 0:00:07]} Kf7 {[%emt 0:01:15]} 39. Kg2 {[%emt 0:03:43]} Bc7 {[%emt 0:00:36]} 40. Kf3 {[%emt 0:00:00]} h5 {[%emt 0:00:00]} 41. h3 {[%emt 0:04:16]} f5 {[%emt 0:10:37]} 42. gxf5 {[%emt 0:00:39]} Kf6 {[%emt 0:00:09]} 43. Ke4 {[%emt 0:00:21]} Ne7 {[%emt 0:00:08]} 44. Ne5 {[%emt 0:00:31]} Nxf5 {[%emt 0:00:25]} 45. Nd7+ {[%emt 0:00:23]} Kg6 {[%emt 0:00:06]} 46. Nxc5 {[%emt 0:00:06]} Ng3+ {[%emt 0:00:34]} 47. Kf3 {[%emt 0:00:09]} Nf5 {[%emt 0:00:13]} 48. Bd2 {[%emt 0:00:48]} Nd6 {[%emt 0:01:41]} 49. Be1 {[%emt 0:03:19]} Bb6 {[%emt 0:06:52]} 50. Nd7 {[%emt 0:01:22]} Ba7 {[%emt 0:01:29]} 51. Ne5+ {[%emt 0:01:13]} 1-0

[Event "71st RUS-ch Higher League 2018"]
[Site "Yaroslavl"]
[Date "2018.07.05"]
[Round "9"]
[White "Khismatullin, Denis"]
[Black "Zvjaginsev, Vadim"]
[Result "1/2-1/2"]
[WhiteElo "2627"]
[BlackElo "2633"]
[Annotator "ChessBase"]
[PlyCount "35"]
[EventDate "2018.06.26"]
[EventType "swiss"]
[EventCountry "RUS"]
[SourceTitle "playchess.com"]
[Source "ChessBase"]
[SourceQuality "1"]
[TimeControl "40/5400+30:1800+30"]

1. d4 {[%emt 0:02:12]} d5 {[%emt 0:00:00]} 2. c4 {[%emt 0:00:06]} e6 {[%emt 0:00:00]} 3. Nf3 {[%emt 0:00:48]} Nf6 {[%emt 0:00:09]} 4. Nc3 {[%emt 0:01:00]} Nbd7 {[%emt 0:00:48]} 5. Bf4 {[%emt 0:03:09]} dxc4 {[%emt 0:01:42]} 6. e3 {[%emt 0:01:45]} Nb6 {[%emt 0:01:40]} 7. Bxc4 {[%emt 0:04:35]} Nxc4 {[%emt 0:00:28]} 8. Qa4+ {[%emt 0:00:05]} c6 {[%emt 0:00:24]} 9. Qxc4 {[%emt 0:00:05]} Nd5 {[%emt 0:00:09]} 10. Bg3 {[%emt 0:05:14]} Qb6 {[%emt 0:02:15]} 11. O-O {[%emt 0:01:45]} Qxb2 {[%emt 0:00:26]} 12. Ne4 {[%emt 0:00:09]} Nb6 {[%emt 0:00:45]} 13. Qd3 {[%emt 0:00:21]} Qb5 {[%emt 0:01:44]} 14. Qc2 {[%emt 0:01:25]} Qa4 {[%emt 0:01:08]} 15. Qd3 {[%emt 0:00:25]} Qb5 {[%emt 0:00:55]} 16. Qc2 {[%emt 0:00:12]} Qa4 {[%emt 0:00:05]} 17. Qd3 {[%emt 0:00:05]} Qb5 {[%emt 0:00:06]} 18. Qc2 1/2-1/2

[Event "71st RUS-ch Higher League 2018"]
[Site "Yaroslavl"]
[Date "2018.07.05"]
[Round "9"]
[White "Rakhmanov, Aleksandr"]
[Black "Goryachkina, Aleksandra"]
[Result "1/2-1/2"]
[WhiteElo "2627"]
[BlackElo "2505"]
[Annotator "ChessBase"]
[PlyCount "66"]
[EventDate "2018.06.26"]
[EventType "swiss"]
[EventCountry "RUS"]
[SourceTitle "playchess.com"]
[Source "ChessBase"]
[SourceQuality "1"]
[TimeControl "40/5400+30:1800+30"]

1. c4 {[%emt 0:00:46]} c6 {[%emt 0:00:00]} 2. d4 {[%emt 0:00:32]} d5 {[%emt 0:00:00]} 3. Nf3 {[%emt 0:00:38]} Nf6 {[%emt 0:00:00]} 4. Qc2 {[%emt 0:00:26]} dxc4 {[%emt 0:01:21]} 5. Qxc4 {[%emt 0:00:16]} Bg4 {[%emt 0:00:35]} 6. Nbd2 {[%emt 0:00:30]} Nbd7 {[%emt 0:02:57]} 7. g3 {[%emt 0:02:57]} e6 {[%emt 0:00:17]} 8. Bg2 {[%emt 0:00:07]} Be7 {[%emt 0:00:15]} 9. O-O {[%emt 0:00:43]} O-O {[%emt 0:00:16]} 10. Qb3 {[%emt 0:01:04]} Qb6 {[%emt 0:09:45]} 11. Nc4 {[%emt 0:00:16]} Qa6 {[%emt 0:00:37]} 12. Bd2 {[%emt 0:01:19]} Bf5 {[%emt 0:08:01]} 13. Rfc1 {[%emt 0:21:19]} Be4 {[%emt 0:02:40]} 14. a4 {[%emt 0:02:18]} b6 {[%emt 0:05:57]} 15. Bf4 {[%emt 0:19:42]} Bd5 {[%emt 0:06:06]} 16. Qc2 {[%emt 0:02:49]} Be4 {[%emt 0:05:22]} 17. Qb3 {[%emt 0:00:05]} Bd5 {[%emt 0:00:40]} 18. Qc2 {[%emt 0:01:03]} Be4 {[%emt 0:00:22]} 19. Qd2 {[%emt 0:05:37]} Bd5 {[%emt 0:02:15]} 20. Ne3 {[%emt 0:04:15]} Rac8 {[%emt 0:05:33]} 21. h4 {[%emt 0:05:14]} Be4 {[%emt 0:04:01]} 22. Nc4 {[%emt 0:05:49]} Bd5 {[%emt 0:00:09]} 23. Ne3 {[%emt 0:01:55]} Be4 {[%emt 0:06:57]} 24. Bg5 {[%emt 0:00:25]} h6 {[%emt 0:00:28]} 25. Bxf6 {[%emt 0:06:38]} Nxf6 26. b4 b5 {[%emt 0:06:25]} 27. a5 {[%emt 0:11:44]} Nd5 {[%emt 0:03:15]} 28. Nxd5 {[%emt 0:00:13]} cxd5 {[%emt 0:00:07]} 29. Ne5 {[%emt 0:00:15]} Qd6 {[%emt 0:07:54]} 30. Rc5 {[%emt 0:03:17]} Qa6 {[%emt 0:02:01]} 31. Rcc1 {[%emt 0:01:05]} Qd6 {[%emt 0:00:21]} 32. Rc5 {[%emt 0:00:05]} Qa6 {[%emt 0:00:05]} 33. Rcc1 {[%emt 0:00:52]} Qd6 1/2-1/2

[Event "71st RUS-ch Higher League 2018"]
[Site "Yaroslavl"]
[Date "2018.07.05"]
[Round "9"]
[White "Alekseenko, Kirill"]
[Black "Oparin, Grigoriy"]
[Result "1/2-1/2"]
[WhiteElo "2621"]
[BlackElo "2587"]
[Annotator "ChessBase"]
[PlyCount "82"]
[EventDate "2018.06.26"]
[EventType "swiss"]
[EventCountry "RUS"]
[SourceTitle "playchess.com"]
[Source "ChessBase"]
[SourceQuality "1"]
[TimeControl "40/5400+30:1800+30"]

1. e4 {[%emt 0:00:00]} e5 {[%emt 0:00:00]} 2. Nf3 {[%emt 0:00:00]} Nc6 {[%emt 0:00:00]} 3. Bb5 {[%emt 0:00:38]} a6 {[%emt 0:00:00]} 4. Ba4 {[%emt 0:00:17]} Nf6 {[%emt 0:00:00]} 5. O-O {[%emt 0:00:25]} Be7 {[%emt 0:00:45]} 6. Re1 {[%emt 0:00:28]} b5 {[%emt 0:00:08]} 7. Bb3 {[%emt 0:00:08]} d6 {[%emt 0:00:05]} 8. c3 {[%emt 0:00:42]} O-O {[%emt 0:00:07]} 9. h3 {[%emt 0:00:21]} Bb7 {[%emt 0:00:10]} 10. d4 {[%emt 0:01:02]} Re8 {[%emt 0:00:23]} 11. Nbd2 {[%emt 0:00:30]} Bf8 {[%emt 0:00:19]} 12. a4 {[%emt 0:00:38]} h6 {[%emt 0:00:48]} 13. Bc2 {[%emt 0:00:19]} exd4 {[%emt 0:00:44]} 14. cxd4 {[%emt 0:00:06]} Nb4 {[%emt 0:00:04]} 15. Bb1 {[%emt 0:00:12]} c5 {[%emt 0:00:14]} 16. d5 {[%emt 0:00:17]} Nd7 {[%emt 0:00:10]} 17. Ra3 {[%emt 0:00:31]} c4 {[%emt 0:00:55]} 18. Nd4 {[%emt 0:00:16]} Qf6 {[%emt 0:01:27]} 19. N2f3 {[%emt 0:00:09]} Nc5 {[%emt 0:01:15]} 20. Ree3 {[%emt 0:00:14]} Nbd3 {[%emt 0:15:45]} 21. Bxd3 {[%emt 0:00:07]} cxd3 {[%emt 0:06:04]} 22. axb5 {[%emt 0:13:43]} axb5 {[%emt 0:00:34]} 23. Rxa8 {[%emt 0:06:44]} Bxa8 {[%emt 0:00:19]} 24. Qe1 {[%emt 0:26:07]} b4 {[%emt 0:21:17]} 25. Bd2 {[%emt 0:04:45]} Qg6 {[%emt 0:03:05]} 26. Nf5 {[%emt 0:01:45]} Qf6 {[%emt 0:02:30]} 27. Bxb4 {[%emt 0:16:22]} Qxb2 {[%emt 0:00:28]} 28. Bc3 {[%emt 0:05:02]} Qa2 {[%emt 0:03:28]} 29. Kh2 {[%emt 0:03:08]} g6 {[%emt 0:10:59]} 30. Ng3 {[%emt 0:03:34]} Bb7 {[%emt 0:05:08]} 31. Bd4 {[%emt 0:03:26]} Ba6 {[%emt 0:04:48]} 32. Qb4 {[%emt 0:01:49]} Qc4 {[%emt 0:06:25]} 33. Qxc4 {[%emt 0:07:35]} Bxc4 {[%emt 0:00:05]} 34. Nd2 {[%emt 0:00:12]} Ba6 {[%emt 0:01:01]} 35. f4 {[%emt 0:00:41]} h5 {[%emt 0:06:38]} 36. e5 {[%emt 0:01:17]} dxe5 {[%emt 0:00:43]} 37. fxe5 {[%emt 0:00:37]} Rd8 {[%emt 0:01:06]} 38. e6 {[%emt 0:01:23]} fxe6 {[%emt 0:01:02]} 39. Bxc5 {[%emt 0:01:19]} Bxc5 {[%emt 0:00:05]} 40. Rxe6 {[%emt 0:00:00]} Rd6 {[%emt 0:00:00]} 41. Nge4 {[%emt 0:04:00]} Rxe6 {[%emt 0:07:55]} 1/2-1/2

[Event "71st RUS-ch Higher League 2018"]
[Site "Yaroslavl"]
[Date "2018.07.05"]
[Round "9"]
[White "Antipov, Mikhail Al"]
[Black "Gaifullin, Artur"]
[Result "0-1"]
[WhiteElo "2616"]
[BlackElo "2448"]
[Annotator "ChessBase"]
[PlyCount "78"]
[EventDate "2018.06.26"]
[EventType "swiss"]
[EventCountry "RUS"]
[SourceTitle "playchess.com"]
[Source "ChessBase"]
[SourceQuality "1"]
[TimeControl "40/5400+30:1800+30"]

1. e4 {[%emt 0:00:00]} e5 {[%emt 0:00:00]} 2. Nf3 {[%emt 0:00:00]} Nc6 {[%emt 0:00:00]} 3. Bb5 {[%emt 0:00:00]} a6 {[%emt 0:00:00]} 4. Ba4 {[%emt 0:00:00]} Nge7 {[%emt 0:00:00]} 5. d3 {[%emt 0:07:17]} d6 {[%emt 0:01:21]} 6. Nc3 {[%emt 0:04:47]} Bd7 {[%emt 0:00:18]} 7. a3 {[%emt 0:10:58]} h6 {[%emt 0:02:19]} 8. Be3 {[%emt 0:04:13]} g6 {[%emt 0:01:54]} 9. d4 {[%emt 0:02:39]} Bg7 {[%emt 0:06:36]} 10. d5 {[%emt 0:12:51]} Nb8 {[%emt 0:01:06]} 11. Bxd7+ {[%emt 0:00:07]} Nxd7 {[%emt 0:00:15]} 12. g4 {[%emt 0:00:09]} Nf6 {[%emt 0:04:22]} 13. h3 {[%emt 0:02:47]} c6 {[%emt 0:11:52]} 14. dxc6 {[%emt 0:15:08]} bxc6 {[%emt 0:00:14]} 15. Qd2 {[%emt 0:00:52]} Qc7 {[%emt 0:11:27]} 16. O-O-O {[%emt 0:00:09]} d5 {[%emt 0:00:43]} 17. exd5 {[%emt 0:13:39]} cxd5 {[%emt 0:00:21]} 18. g5 {[%emt 0:01:52]} hxg5 {[%emt 0:03:07]} 19. Bxg5 {[%emt 0:00:05]} d4 {[%emt 0:19:20]} 20. Nxd4 {[%emt 0:01:56]} O-O-O {[%emt 0:02:26]} 21. Bxf6 {[%emt 0:08:51]} Bxf6 {[%emt 0:00:29]} 22. Qe2 {[%emt 0:00:27]} Bg5+ {[%emt 0:00:12]} 23. Kb1 {[%emt 0:00:07]} exd4 {[%emt 0:00:48]} 24. Ne4 {[%emt 0:00:04]} Bf4 {[%emt 0:08:12]} 25. Rhe1 {[%emt 0:01:36]} Qc6 {[%emt 0:08:44]} 26. Qg4+ {[%emt 0:01:26]} f5 {[%emt 0:00:04]} 27. Qxf4 {[%emt 0:00:03]} fxe4 {[%emt 0:00:03]} 28. Rxe4 {[%emt 0:00:08]} Nf5 {[%emt 0:00:05]} 29. Re5 {[%emt 0:03:06]} Rde8 {[%emt 0:03:51]} 30. Rd3 {[%emt 0:03:16]} Rxe5 {[%emt 0:03:20]} 31. Qxe5 {[%emt 0:00:03]} Re8 {[%emt 0:00:04]} 32. Qa5 {[%emt 0:00:05]} Re2 {[%emt 0:05:40]} 33. Rb3 {[%emt 0:00:04]} Qxc2+ {[%emt 0:00:59]} 34. Ka2 {[%emt 0:00:01]} Qc6 {[%emt 0:00:27]} 35. Qb4 {[%emt 0:01:02]} Qe6 {[%emt 0:01:35]} 36. a4 {[%emt 0:01:04]} Re1 {[%emt 0:00:08]} 37. a5 {[%emt 0:00:43]} Kd7 {[%emt 0:00:40]} 38. h4 {[%emt 0:00:07]} Ke8 {[%emt 0:00:38]} 39. Qb7 {[%emt 0:01:54]} Kf8 {[%emt 0:01:51]} 0-1

[Event "71st RUS-ch Higher League 2018"]
[Site "Yaroslavl"]
[Date "2018.07.05"]
[Round "9"]
[White "Predke, Alexandr"]
[Black "Matlakov, Maxim"]
[Result "1/2-1/2"]
[WhiteElo "2613"]
[BlackElo "2699"]
[Annotator "TA"]
[PlyCount "80"]
[EventDate "2018.06.26"]
[EventType "swiss"]
[EventCountry "RUS"]
[SourceTitle "playchess.com"]
[Source "ChessBase"]
[SourceQuality "1"]

{[%evp 22,80,9,5,11,13,11,0,0,0,0,0,0,0,0,0,0,0,0,0,0,0,0,0,0,0,0,0,0,-1,0,0,0,0,0,0,0,0,0,0,0,0,0,0,0,0,0,0,0,0,0,0,0,0,0,0,0,0,0,0,0]} 1. e4 {Marin,M} e5 2. Nf3 Nc6 3. Bb5 a6 4. Ba4 Nf6 5. d3 b5 6. Bb3 Bc5 7. Nc3 d6 {C77: Ruy Lopez: 3...a6 4 Ba4 Nf6, unusual lines} 8. Nd5 h6 9. c3 Rb8 10. O-O O-O 11. d4 Ba7 12. Be3 {LiveBook: 23 Games. The position is equal.} Nxd5 13. Bxd5 Ne7 14. dxe5 Bxe3 15. fxe3 Nxd5 16. exd5 dxe5 17. Nxe5 {[#] Strongly threatening Nc6.} Bb7 $146 18. Qd4 Re8 19. Rad1 ({Much weaker is} 19. Rxf7 Qxd5 20. Qxd5 Bxd5 $17) 19... Qg5 20. Nc6 Bxc6 21. dxc6 Rxe3 22. Qf4 Qxf4 23. Rxf4 $11 {[%mdl 4096] Endgame KRR-KRR} Rbe8 24. Rd7 R3e7 25. a4 Rxd7 26. cxd7 {KR-KR} Rd8 27. axb5 axb5 28. Rb4 c6 29. Rd4 Kf8 30. Rd6 $1 Ke7 31. Rxc6 Rxd7 32. h3 b4 33. cxb4 Rd2 34. b5 Rxb2 35. b6 h5 36. Rc7+ Ke6 37. Rc6+ Ke7 38. Rc7+ Ke6 39. Rc6+ Ke7 40. Rc7+ Ke6 {Precision: White = 94%, Black = 81%.} 1/2-1/2